[Event "Titled Tuesday intern op 23rd Jan Late"]
[Site "Chess.com INT"]
[Date "2024.01.23"]
[Round "6"]
[White "Salman, Ilhan Serhat"]
[Black "Mickiewicz, Piotr"]
[Result "0-1"]
[WhiteElo "2092"]
[BlackElo "2239"]
[PlyCount "98"]
[EventDate "2024.01.23"]
[EventType "swiss (blitz)"]
[EventRounds "11"]
[EventCountry "USA"]
[SourceTitle "CB05_2024"]
[SourceDate "2024.01.31"]
[SourceVersion "1"]
[SourceVersionDate "2024.01.31"]
[SourceQuality "1"]

1. d4 Nf6 2. Bg5 c5 3. Bxf6 gxf6 4. dxc5 Na6 5. g3 Nxc5 6. Bg2 e6 7. Nf3 Bg7 8. 0-0 f5 9. c3 d5 10. Nbd2 0-0 11. Nd4 Bd7 12. Rc1 Rc8 13. N2b3 Na4 14. Qd2 b5 15. Rfd1 Kh8 16. f3 Qf6 17. e4 fxe4 18. fxe4 Bh6 19. Qe2 Bxc1 20. Rxc1 dxe4 21. Rf1 Qg7 22. Bxe4 Nc5 23. Bc2 Nxb3 24. axb3 Rc5 25. Qe3 Rg5 26. Nf3 Rd5 27. Qxa7 b4 28. Be4 Rd6 29. Qc5 Ra6 30. Qxb4 f5 31. Bd3 Raa8 32. Bc4 e5 33. Qd6 e4 34. Ne5 Be8 35. Qd5 Bh5 36. Rxf5 Rfd8 37. Qxe4 Ra1+ 38. Bf1 Rdd1 39. Qf4 Rxf1+ 40. Qxf1 Rxf1+ 41. Kxf1 Be8 42. Nf3 Qd7 43. Rf4 Qd1+ 44. Kf2 Qc2+ 45. Ke3 Bc6 46. Nd4 Qc1+ 47. Kf2 Qd2+ 48. Kf1 Bg2+ 49. Kg1 Bh3 0-1

[Event "Titled Tuesday intern op 16th Jan Late"]
[Site "Chess.com INT"]
[Date "2024.01.16"]
[Round "9"]
[White "Durarbayli, Vasif"]
[Black "Mickiewicz, Piotr"]
[Result "1-0"]
[WhiteElo "2627"]
[BlackElo "2239"]
[PlyCount "45"]
[EventDate "2024.01.16"]
[EventType "swiss (blitz)"]
[EventRounds "11"]
[EventCountry "USA"]
[SourceTitle "CB04_2024"]
[SourceDate "2023.10.16"]
[SourceVersion "1"]
[SourceVersionDate "2023.10.16"]
[SourceQuality "1"]

1. e4 c6 2. d4 d5 3. exd5 cxd5 4. c4 Nf6 5. Nc3 e6 6. Nf3 Bb4 7. cxd5 Nxd5 8. Bd2 0-0 9. Bd3 Nc6 10. 0-0 Be7 11. Re1 Nf6 12. Bg5 b6 13. Rc1 Bb7 14. Bb1 Nb4 15. Ne5 Rc8 16. h4 h6 17. Bxf6 Bxf6 18. a3 Nd5 19. Qd3 g6 20. Nxg6 fxg6 21. Qxg6+ Bg7 22. Qh7+ Kf7 23. Bg6+ 1-0

[Event "Titled Tuesday intern op 12th Sep Late"]
[Site "Chess.com INT"]
[Date "2023.09.12"]
[Round "2"]
[White "Bazeev, German"]
[Black "Mickiewicz, Piotr"]
[Result "0-1"]
[WhiteElo "2369"]
[BlackElo "2255"]
[PlyCount "92"]
[EventDate "2023.09.12"]
[EventType "swiss (blitz)"]
[EventRounds "11"]
[EventCountry "USA"]
[SourceTitle "EXT 2024"]
[Source "ChessBase"]
[SourceDate "2023.10.10"]
[SourceVersion "1"]
[SourceVersionDate "2023.10.10"]
[SourceQuality "1"]

1. c4 g6 2. Nc3 Bg7 3. Nf3 c5 4. h4 Nc6 5. h5 d6 6. d3 e6 7. g3 Nge7 8. h6 Bxc3+ 9. bxc3 f6 10. g4 e5 11. g5 f5 12. d4 e4 13. Nh4 0-0 14. Ng2 Na5 15. e3 Be6 16. d5 Bd7 17. Nf4 Qc8 18. Rb1 b6 19. a4 Rd8 20. Be2 Rf8 21. Rg1 Qe8 22. Ra1 Nc8 23. Kf1 Ne7 24. Kg2 Bc8 25. Ra3 Ba6 26. Qf1 Qd8 27. Kh2 Qd7 28. Bd2 Rf7 29. Rg3 Re8 30. Ra2 Nb7 31. Rb2 Na5 32. Rb5 Bxb5 33. cxb5 c4 34. Bc1 Rc8 35. Ba3 Nb3 36. Qd1 Nc5 37. Qd4 Nxa4 38. Rg1 Nc5 39. Bb4 Qxb5 40. Nh5 gxh5 41. g6 hxg6 42. Bxh5 Kh7 43. Rg5 a5 44. Ba3 Qb3 45. Bc1 Qc2 46. Bd2 Qd3 0-1

[Event "Titled Tuesday intern op 12th Sep Late"]
[Site "Chess.com INT"]
[Date "2023.09.12"]
[Round "5"]
[White "Mickiewicz, Piotr"]
[Black "Ezat, Mohamed Mahmoud"]
[Result "0-1"]
[WhiteElo "2255"]
[BlackElo "2382"]
[PlyCount "130"]
[EventDate "2023.09.12"]
[EventType "swiss (blitz)"]
[EventRounds "11"]
[EventCountry "USA"]
[SourceTitle "EXT 2024"]
[Source "ChessBase"]
[SourceDate "2023.10.10"]
[SourceVersion "1"]
[SourceVersionDate "2023.10.10"]
[SourceQuality "1"]

1. Nf3 b5 2. g3 Bb7 3. Bg2 Nf6 4. 0-0 e6 5. a4 b4 6. d3 c5 7. e4 d6 8. Nbd2 Nbd7 9. b3 Be7 10. Bb2 0-0 11. Re1 Ng4 12. h3 Nge5 13. a5 a6 14. Nh2 Nc6 15. Nc4 Nde5 16. Nxe5 dxe5 17. Nf3 f6 18. h4 Nxa5 19. Bh3 Bc8 20. Nd2 Nc6 21. Nc4 Nd4 22. Bxd4 exd4 23. e5 f5 24. f4 Bb7 25. Bg2 Bd5 26. Na5 Qd7 27. Bxd5 Qxd5 28. Qe2 Bd8 29. Qg2 Qxg2+ 30. Kxg2 Bc7 31. Kf3 Kf7 32. h5 Ke7 33. Nb7 Kd7 34. Nxc5+ Ke7 35. Nxa6 Rfc8 36. Nxc7 Rxa1 37. Rxa1 Rxc7 38. Ra2 Kf7 39. Ke2 g6 40. hxg6+ Kxg6 41. Kd2 Kh5 42. Ra6 Re7 43. Rb6 Kg4 44. Rxb4 Kxg3 45. Rxd4 h5 46. Ke3 h4 47. Rd8 Rg7 48. Rh8 h3 49. b4 h2 50. b5 Kg2 51. Rxh2+ Kxh2 52. c4 Rc7 53. Kd4 Kg3 54. b6 Rd7+ 55. Kc3 Kxf4 56. c5 Kxe5 57. c6 Kd6 58. cxd7 Kxd7 59. Kd4 Kc6 60. Ke5 Kxb6 61. d4 Kc6 62. d5+ exd5 63. Kxf5 Kc5 64. Kf4 Kd4 65. Kf3 Kd3 0-1

[Event "Titled Tuesday intern op 12th Sep Late"]
[Site "Chess.com INT"]
[Date "2023.09.12"]
[Round "7"]
[White "Wu, Derek"]
[Black "Mickiewicz, Piotr"]
[Result "1-0"]
[WhiteElo "2255"]
[BlackElo "2255"]
[PlyCount "83"]
[EventDate "2023.09.12"]
[EventType "swiss (blitz)"]
[EventRounds "11"]
[EventCountry "USA"]
[SourceTitle "EXT 2024"]
[Source "ChessBase"]
[SourceDate "2023.10.10"]
[SourceVersion "1"]
[SourceVersionDate "2023.10.10"]
[SourceQuality "1"]

1. d4 g6 2. e4 Bg7 3. Nf3 d6 4. Bc4 a6 5. 0-0 Nf6 6. Qe2 0-0 7. e5 dxe5 8. dxe5 Nd5 9. Rd1 c6 10. h3 b5 11. Bb3 Qc7 12. Nbd2 Nf4 13. Qe4 Ne6 14. Qh4 h6 15. Ne4 g5 16. Qg3 c5 17. Bd5 Nc6 18. h4 g4 19. Qxg4 Ned4 20. Qh5 Nxf3+ 21. Qxf3 Nxe5 22. Qg3 Ra7 23. Bxh6 Ng6 24. Qxg6 Qe5 25. Qxg7+ Qxg7 26. Bxg7 Kxg7 27. Nxc5 e6 28. Bf3 Rc7 29. b4 Kf6 30. Rd3 Ke7 31. Rad1 Rg8 32. g3 f5 33. Kf1 Kf6 34. Rd6 Ke5 35. Rb6 f4 36. g4 Kf6 37. Re1 Re8 38. Bd5 Kg7 39. Bxe6 Kh8 40. Bxc8 Rxe1+ 41. Kxe1 Rxc8 42. Rxa6 1-0

[Event "Titled Tuesday intern op 29th Aug Late"]
[Site "Chess.com INT"]
[Date "2023.08.29"]
[Round "10"]
[White "Arabidze, Meri"]
[Black "Mickiewicz, Piotr"]
[Result "1-0"]
[WhiteElo "2447"]
[BlackElo "2243"]
[PlyCount "119"]
[EventDate "2023.08.29"]
[EventType "swiss (blitz)"]
[EventRounds "11"]
[EventCountry "USA"]
[SourceTitle "EXT 2024"]
[Source "ChessBase"]
[SourceDate "2023.10.10"]
[SourceVersion "1"]
[SourceVersionDate "2023.10.10"]
[SourceQuality "1"]

1. Nf3 Nf6 2. b3 g6 3. Bb2 Bg7 4. g3 0-0 5. Bg2 c5 6. 0-0 Nc6 7. c4 d6 8. e3 Rb8 9. d4 a6 10. Nc3 Bg4 11. h3 Bd7 12. Qd2 b5 13. cxb5 axb5 14. dxc5 dxc5 15. Nd5 Ne4 16. Qc2 Bxb2 17. Qxb2 e6 18. Nf4 b4 19. Rac1 Qa5 20. Ne5 Nxe5 21. Bxe4 c4 22. bxc4 Rfc8 23. Rfd1 Ba4 24. Rd4 b3 25. c5 Bc6 26. axb3 Bxe4 27. Rxe4 Nf3+ 28. Kg2 Nd2 29. Re5 Rxb3 30. Qd4 Qa8+ 31. e4 Nf3 32. Qc4 Nxe5 33. Qxb3 Qxe4+ 34. f3 Qd4 35. Qc3 Qxc3 36. Rxc3 g5 37. Ne2 Kf8 38. f4 gxf4 39. gxf4 Nc6 40. Kf3 Rd8 41. Ke4 f5+ 42. Ke3 Rd5 43. Nc1 Ke7 44. Nb3 e5 45. fxe5 Rxe5+ 46. Kf4 Rd5 47. Re3+ Kf6 48. Re8 Ne5 49. Rf8+ Ke6 50. Re8+ Kf6 51. Rc8 Nd3+ 52. Ke3 Ne5 53. Nd4 f4+ 54. Ke4 f3 55. Kxd5 f2 56. Rf8+ Nf7 57. c6 f1Q 58. c7 Qg2+ 59. Kc5 Qb7 60. Nb5 1-0

[Event "Titled Tuesday intern op 22nd Aug Late"]
[Site "Chess.com INT"]
[Date "2023.08.22"]
[Round "6"]
[White "Korchmar, Vasiliy"]
[Black "Mickiewicz, Piotr"]
[Result "1-0"]
[WhiteElo "2438"]
[BlackElo "2243"]
[PlyCount "113"]
[EventDate "2023.08.22"]
[EventType "swiss (blitz)"]
[EventRounds "11"]
[EventCountry "USA"]
[SourceTitle "EXT 2024"]
[Source "ChessBase"]
[SourceDate "2023.10.10"]
[SourceVersion "1"]
[SourceVersionDate "2023.10.10"]
[SourceQuality "1"]

1. e4 c6 2. d4 d5 3. exd5 cxd5 4. Bd3 Nc6 5. c3 Nf6 6. h3 g6 7. Nf3 Bf5 8. Bf4 Bxd3 9. Qxd3 Bg7 10. 0-0 0-0 11. Nbd2 Rc8 12. Rfe1 a6 13. Nb3 Nd7 14. a4 Re8 15. a5 f6 16. Bg3 e6 17. Re2 Qe7 18. Rae1 Qf7 19. Bd6 Na7 20. h4 Nb5 21. Bg3 Rc6 22. Nfd2 Nd6 23. Bxd6 Rxd6 24. c4 e5 25. dxe5 Nxe5 26. Qg3 Red8 27. c5 R6d7 28. Nd4 Rc8 29. b4 Bh6 30. N2f3 Nd3 31. Rb1 Kh8 32. Qg4 Rcd8 33. g3 Re8 34. Rb3 Rde7 35. Rxe7 Qxe7 36. Rxd3 Qe4 37. Qxe4 dxe4 38. Rd1 exf3 39. Nxf3 Bf8 40. Rd7 Re4 41. Rxb7 Rc4 42. Kg2 Kg8 43. Rb6 Rc3 44. Rxa6 Rc4 45. Rb6 h5 46. a6 g5 47. hxg5 fxg5 48. Nxg5 h4 49. gxh4 Rxh4 50. Nf3 Rg4+ 51. Kf1 Rg7 52. Rb7 Rg6 53. a7 Ra6 54. b5 Ra1+ 55. Kg2 Bxc5 56. Rb8+ Kf7 57. a8Q 1-0

[Event "Titled Tuesday intern op 22nd Aug Late"]
[Site "Chess.com INT"]
[Date "2023.08.22"]
[Round "5"]
[White "Mickiewicz, Piotr"]
[Black "Haydon, David Leslie"]
[Result "1-0"]
[WhiteElo "2243"]
[BlackElo "2230"]
[PlyCount "173"]
[EventDate "2023.08.22"]
[EventType "swiss (blitz)"]
[EventRounds "11"]
[EventCountry "USA"]
[SourceTitle "EXT 2024"]
[Source "ChessBase"]
[SourceDate "2023.10.10"]
[SourceVersion "1"]
[SourceVersionDate "2023.10.10"]
[SourceQuality "1"]

1. c4 Nf6 2. Nf3 b6 3. g3 Bb7 4. Bg2 e6 5. b3 Be7 6. Bb2 c5 7. 0-0 0-0 8. d4 cxd4 9. Qxd4 Nc6 10. Qf4 d5 11. Rd1 Qe8 12. Nc3 dxc4 13. Qxc4 Rc8 14. Qf4 Nb4 15. Rac1 Nbd5 16. Nxd5 Bxd5 17. Ne5 Rxc1 18. Rxc1 Qa8 19. Nc6 Bxc6 20. Rxc6 Qd8 21. Qd4 Bc5 22. Qxd8 Rxd8 23. Bf3 h6 24. Rc7 a5 25. a4 Nd5 26. Rb7 Nb4 27. Bh5 Rf8 28. Kg2 Nc6 29. e3 Nb4 30. Be2 Rd8 31. Bc3 Nd5 32. Be5 Nf6 33. Rb8 Rxb8 34. Bxb8 Ne4 35. Bc4 Nd2 36. Be5 Kf8 37. g4 f6 38. Bc3 Nxc4 39. bxc4 Kf7 40. h4 f5 41. Kf3 g6 42. h5 Be7 43. Kg3 Bd6+ 44. Kh3 e5 45. f3 e4 46. f4 Bc5 47. Bd2 Kf6 48. Kg3 g5 49. Bc3+ Ke6 50. fxg5 Bxe3 51. g6 f4+ 52. Kh3 f3 53. Kg3 Bc5 54. g5 Bd6+ 55. Kh3 e3 56. gxh6 e2 57. Be1 Be5 58. h7 Kf5 59. Bf2 Kg5 60. g7 Bxg7 61. Kg3 Kxh5 62. Kxf3 Kg6 63. Kxe2 Kxh7 64. Bxb6 Bc3 65. Kd3 Bb4 66. c5 Bxc5 67. Bxc5 Kg6 68. Kc4 Kf7 69. Kd5 Ke8 70. Kc6 Kd8 71. Kb7 Kd7 72. Bb6 Kd6 73. Bxa5 Kc5 74. Bb6+ Kb4 75. a5 Kb5 76. a6 Kc4 77. a7 Kb3 78. a8Q Kc4 79. Qa5 Kb3 80. Qc5 Ka4 81. Kc6 Kb3 82. Kb5 Ka2 83. Kb4 Kb2 84. Qc3+ Kb1 85. Qd2 Ka1 86. Kb3 Kb1 87. Qd1# 1-0

[Event "Titled Tuesday intern op 22nd Aug Late"]
[Site "Chess.com INT"]
[Date "2023.08.22"]
[Round "7"]
[White "Mickiewicz, Piotr"]
[Black "Schnaider, Ilan"]
[Result "1-0"]
[WhiteElo "2243"]
[BlackElo "2220"]
[PlyCount "151"]
[EventDate "2023.08.22"]
[EventType "swiss (blitz)"]
[EventRounds "11"]
[EventCountry "USA"]
[SourceTitle "EXT 2024"]
[Source "ChessBase"]
[SourceDate "2023.10.10"]
[SourceVersion "1"]
[SourceVersionDate "2023.10.10"]
[SourceQuality "1"]

1. c4 Nf6 2. Nf3 g6 3. g3 Bg7 4. Bg2 0-0 5. 0-0 Nc6 6. Nc3 d5 7. cxd5 Nxd5 8. d4 e5 9. dxe5 Nxc3 10. bxc3 Nxe5 11. Ba3 Re8 12. Nxe5 Bxe5 13. Qxd8 Rxd8 14. Rfd1 Be6 15. Bxb7 Rab8 16. Bc6 Bxc3 17. Rac1 Rxd1+ 18. Rxd1 Bxa2 19. Kg2 Be6 20. Bc5 a5 21. e4 h5 22. h4 Bb4 23. Be3 Bb3 24. Rd3 a4 25. f4 Bc2 26. Rd7 a3 27. Bd5 Bb1 28. Bxf7+ Kf8 29. Bd5 Bc3 30. Rxc7 a2 31. Bxa2 Ba5 32. Bc5+ Ke8 33. Bf7+ Kd8 34. Ra7 Bxe4+ 35. Kf2 Bc7 36. Be7+ Kd7 37. Bf6 Bf5 38. Ke3 Kc8 39. Bd5 Bb6+ 40. Bd4 Bxa7 41. Bxa7 Rb2 42. Bd4 Kd7 43. Bxb2 Kd6 44. Bf3 Bd7 45. Be5+ Ke6 46. Be4 Be8 47. Kd4 Ke7 48. Kc5 Ke6 49. Kb6 Ba4 50. Kc7 Kf7 51. Kd6 Bb3 52. Bd5+ Bxd5 53. Kxd5 g5 54. fxg5 Kg6 55. Bf4 Kf5 56. Kd6 Kg6 57. Ke6 Kh7 58. Kf6 Kh8 59. Kg6 Kg8 60. Kxh5 Kh8 61. g6 Kg8 62. Kh6 Kh8 63. g7+ Kg8 64. Bg5 Kf7 65. Kh7 Ke6 66. g8Q+ Kf5 67. Qc8+ Ke4 68. Kg6 Kf3 69. h5 Kg2 70. h6 Kg1 71. h7 Kg2 72. h8Q Kf3 73. Qh5+ Kxg3 74. Qc3+ Kf2 75. Qh2+ Kf1 76. Qc1# 1-0

[Event "Titled Tuesday intern op 22nd Aug Late"]
[Site "Chess.com INT"]
[Date "2023.08.22"]
[Round "3"]
[White "Schut, Han"]
[Black "Mickiewicz, Piotr"]
[Result "0-1"]
[WhiteElo "2091"]
[BlackElo "2243"]
[PlyCount "50"]
[EventDate "2023.08.22"]
[EventType "swiss (blitz)"]
[EventRounds "11"]
[EventCountry "USA"]
[SourceTitle "EXT 2024"]
[Source "ChessBase"]
[SourceDate "2023.10.10"]
[SourceVersion "1"]
[SourceVersionDate "2023.10.10"]
[SourceQuality "1"]

1. e4 g6 2. d4 Bg7 3. Nc3 d6 4. f4 a6 5. Nf3 b5 6. Bd3 Bb7 7. e5 e6 8. Qe2 Ne7 9. a4 b4 10. Ne4 Nd5 11. c4 bxc3 12. bxc3 0-0 13. Bd2 Nc6 14. 0-0 a5 15. Rab1 Ra7 16. h4 Nce7 17. h5 Bc6 18. Bc2 Nf5 19. hxg6 hxg6 20. g4 Nh4 21. Nxh4 Qxh4 22. Kg2 f5 23. Rh1 Qe7 24. exd6 cxd6 25. Ng5 Nxf4+ 0-1

[Event "Titled Tuesday intern op 08th Aug Late"]
[Site "Chess.com INT"]
[Date "2023.08.08"]
[Round "8"]
[White "Ai, Evan Zihao"]
[Black "Mickiewicz, Piotr"]
[Result "1-0"]
[WhiteElo "2199"]
[BlackElo "2243"]
[PlyCount "169"]
[EventDate "2023.08.08"]
[EventType "swiss (blitz)"]
[EventRounds "11"]
[EventCountry "USA"]
[SourceTitle "EXT 2024"]
[Source "ChessBase"]
[SourceDate "2023.10.10"]
[SourceVersion "1"]
[SourceVersionDate "2023.10.10"]
[SourceQuality "1"]

1. e4 c5 2. Nf3 d6 3. d4 cxd4 4. Nxd4 Nf6 5. Nc3 a6 6. f3 g6 7. Be3 b5 8. Qd2 Nbd7 9. a4 bxa4 10. Rxa4 Bb7 11. Rb4 Rb8 12. Bc4 Bg7 13. 0-0 0-0 14. Ra1 Ne5 15. Be2 Qc7 16. Nb3 Rfc8 17. Bb6 Qd7 18. Ba7 Ra8 19. Bf2 Rcb8 20. Na4 a5 21. Nb6 Qd8 22. Rxa5 Rxa5 23. Nxa5 Nc6 24. Nxb7 Rxb7 25. Rb3 Nd7 26. Ba6 Rxb6 27. Bxb6 Nxb6 28. h3 Nd4 29. Rc3 Qa8 30. Ra3 Qc6 31. c3 Nb5 32. Ra5 Nc7 33. Bd3 Nc4 34. Bxc4 Qxc4 35. Kh2 Qc6 36. Ra7 Qb6 37. Ra3 Be5+ 38. f4 Bg7 39. e5 d5 40. c4 g5 41. cxd5 gxf4 42. d6 exd6 43. exd6 Ne6 44. d7 Nd8 45. Ra8 Bf6 46. Qxf4 Qe6 47. Qg4+ Kf8 48. Qxe6 fxe6 49. Kg3 Ke7 50. Ra7 Be5+ 51. Kg4 Nc6 52. d8Q+ Kxd8 53. Rxh7 Bxb2 54. Rh6 Kd7 55. Rh7+ Kd6 56. Kg5 Ne5 57. g4 Nf3+ 58. Kf4 Nd4 59. Ke4 Nb5 60. g5 Nc3+ 61. Kd3 Nd5 62. h4 Nf4+ 63. Ke4 Ne2 64. Rb7 Ng3+ 65. Kf3 Be5 66. Rb6+ Ke7 67. Rb5 Nf5 68. Rxe5 Nxh4+ 69. Kg4 Ng6 70. Re4 Kf7 71. Ra4 Ne7 72. Ra7 e5 73. Kh5 Ke6 74. g6 Nf5 75. g7 Nxg7+ 76. Rxg7 Kf5 77. Rg1 Kf4 78. Kh4 e4 79. Rf1+ Ke3 80. Kg3 Kd2 81. Rf2+ Ke1 82. Ra2 e3 83. Kf3 e2 84. Rxe2+ Kd1 85. Ke3 1-0

[Event "Titled Tuesday intern op 08th Aug Late"]
[Site "Chess.com INT"]
[Date "2023.08.08"]
[Round "6"]
[White "Goltsev, Dmitry"]
[Black "Mickiewicz, Piotr"]
[Result "1-0"]
[WhiteElo "2251"]
[BlackElo "2243"]
[PlyCount "129"]
[EventDate "2023.08.08"]
[EventType "swiss (blitz)"]
[EventRounds "11"]
[EventCountry "USA"]
[SourceTitle "EXT 2024"]
[Source "ChessBase"]
[SourceDate "2023.10.10"]
[SourceVersion "1"]
[SourceVersionDate "2023.10.10"]
[SourceQuality "1"]

1. e4 c5 2. Nf3 d6 3. d4 cxd4 4. Nxd4 Nf6 5. Nc3 a6 6. Be2 e6 7. 0-0 Be7 8. f4 Qc7 9. Be3 b5 10. Bf3 Bb7 11. a3 Nbd7 12. Re1 Rc8 13. Bf2 Qb8 14. Qd2 0-0 15. g4 Nb6 16. b3 Nfd7 17. f5 e5 18. Nde2 Qa8 19. g5 Rfe8 20. Kh1 Bf8 21. g6 Nf6 22. Bxb6 Nxe4 23. Nxe4 Bxe4 24. gxf7+ Kxf7 25. Bxe4 Qxe4+ 26. Kg1 Rxc2 27. Ng3 Qc6 28. Qf2 Rxf2 29. Bxf2 d5 30. Rac1 Qb7 31. b4 Bd6 32. Nh5 Rc8 33. Rcd1 Rc2 34. Rd3 d4 35. Ng3 Qc6 36. Ne4 Be7 37. Rdd1 Qc4 38. Bg3 Qd5 39. Bxe5 d3 40. Bg3 h5 41. Re3 h4 42. Rdxd3 Qc4 43. Bf2 Rc1+ 44. Kg2 Qc2 45. Rd2 Qb1 46. Nc3 Rxc3 47. Rxc3 Qe4+ 48. Kg1 h3 49. Bd4 Qg4+ 50. Rg3 Qe4 51. Be3 Bf6 52. Rxh3 Ke8 53. Rg3 Kf7 54. Kf2 Qb1 55. Kg2 Qxf5 56. Rf3 Qe4 57. Bf2 a5 58. Rd7+ Ke6 59. Rdd3 axb4 60. Rde3 Qxe3 61. Rxe3+ Kd5 62. axb4 Bd4 63. Rd3 Kc4 64. Rxd4+ Kc3 65. Rg4 1-0